[Event "Winnipeg TNT October op"]
[Site "Winnipeg"]
[Date "2008.10.28"]
[Round "4"]
[White "Gibson, Fred"]
[Black "Gibbons, Lorne"]
[Result "0-1"]
[WhiteElo "1320"]
[BlackElo "1202"]
[PlyCount "84"]
[EventDate "2008.10.07"]
[EventType "swiss"]
[EventRounds "4"]
[EventCountry "CAN"]
[SourceTitle "EXT 2011"]
[Source "ChessBase"]
[SourceDate "2010.11.26"]
[SourceVersion "1"]
[SourceVersionDate "2010.11.26"]
[SourceQuality "1"]

1. e4 d6 2. d4 e5 3. dxe5 dxe5 4. Qxd8+ Kxd8 5. Bc4 Bc5 6. Bxf7 Nf6 7. Bg5 Ke7 8. Bd5 c6 9. Bb3 Nbd7 10. Nf3 h6 11. Nh4 Re8 12. Bxf6+ Nxf6 13. Nc3 Bb4 14. 0-0 Bxc3 15. bxc3 Kd8 16. Rad1+ Kc7 17. f3 Be6 18. Ng6 Bg8 19. Rd3 Bh7 20. Bf7 Bxg6 21. Bxg6 Re6 22. Bf5 Rd6 23. Rxd6 Kxd6 24. Rd1+ Kc5 25. Be6 a5 26. a3 Rb8 27. c4 Re8 28. Bf7 Re7 29. Bg6 Rd7 30. Rxd7 Nxd7 31. Bf5 Nf8 32. Bc8 b6 33. Ba6 Kd4 34. Bb7 c5 35. Bc6 Kc3 36. Bb5 Kxc2 37. g3 Ne6 38. Kf2 Kd3 39. Bc6 Nd4 40. f4 exf4 41. gxf4 Nxc6 42. e5 Kxc4 0-1

[Event "Winnipeg TNT June op"]
[Site "Winnipeg"]
[Date "2008.06.17"]
[Round "3"]
[White "Evans, Brian"]
[Black "Gibson, Fred"]
[Result "1-0"]
[WhiteElo "1508"]
[BlackElo "1325"]
[PlyCount "69"]
[EventDate "2008.06.03"]
[EventType "swiss"]
[EventRounds "4"]
[EventCountry "CAN"]
[SourceTitle "EXT 2011"]
[Source "ChessBase"]
[SourceDate "2010.11.26"]
[SourceVersion "1"]
[SourceVersionDate "2010.11.26"]
[SourceQuality "1"]

1. e4 d6 2. d4 Nf6 3. Nc3 g6 4. Be2 Bg7 5. Nf3 0-0 6. 0-0 Ng4 7. h3 Nh6 8. Be3 f5 9. Qd2 Nf7 10. Bc4 e6 11. exf5 d5 12. Bb3 exf5 13. Bxd5 c6 14. Bb3 Qd6 15. Ng5 Na6 16. Nxf7 Rxf7 17. Bxf7+ Kxf7 18. Ne2 Be6 19. b3 Rb8 20. Bh6 Bf6 21. Rad1 Rg8 22. Bf4 Qd7 23. Be5 Nc7 24. Bxf6 Kxf6 25. c4 g5 26. f3 f4 27. Nc3 Rg6 28. Ne4+ Kf7 29. Nc5 Qc8 30. Nxe6 Nxe6 31. d5 cxd5 32. Qxd5 Qc5+ 33. Qxc5 Nxc5 34. b4 Na4 35. Rd7+ 1-0

[Event "Winnipeg TNT May op"]
[Site "Winnipeg"]
[Date "2008.05.27"]
[Round "4"]
[White "Evans, Brian"]
[Black "Gibson, Fred"]
[Result "0-1"]
[WhiteElo "1557"]
[BlackElo "1327"]
[PlyCount "70"]
[EventDate "2008.05.06"]
[EventType "swiss"]
[EventRounds "4"]
[EventCountry "CAN"]
[SourceTitle "EXT 2011"]
[Source "ChessBase"]
[SourceDate "2010.11.26"]
[SourceVersion "1"]
[SourceVersionDate "2010.11.26"]
[SourceQuality "1"]

1. e4 c5 2. Nf3 d6 3. d4 cxd4 4. Nxd4 Nf6 5. Nc3 g6 6. Bg5 Bg7 7. Bb5+ Bd7 8. Qd3 a6 9. Bxd7+ Qxd7 10. Nce2 Nc6 11. Nxc6 bxc6 12. 0-0 0-0 13. Rad1 Qg4 14. Bxf6 Bxf6 15. b3 h5 16. h3 Qe6 17. f4 Rad8 18. c4 c5 19. Qd5 Qc8 20. Rf3 e6 21. Qd2 Qc7 22. Rd3 Rd7 23. Rxd6 Bd4+ 24. Rxd4 cxd4 25. Qb2 Rfd8 26. e5 d3 27. Nc3 d2 28. Ne4 Rd3 29. Rxd2 Re3 30. Nd6 Qc5 31. b4 Re1+ 32. Kh2 Qg1+ 33. Kg3 Qe3+ 34. Kh2 Qxf4+ 35. g3 Qf1 0-1

[Event "Winnipeg TNT February op"]
[Site "Winnipeg"]
[Date "2008.02.05"]
[Round "1"]
[White "Khedkar, Jay S"]
[Black "Gibson, Fred"]
[Result "1-0"]
[WhiteElo "1874"]
[BlackElo "1368"]
[PlyCount "25"]
[EventDate "2008.02.05"]
[EventType "swiss"]
[EventRounds "4"]
[EventCountry "CAN"]
[SourceTitle "EXT 2011"]
[Source "ChessBase"]
[SourceDate "2010.11.26"]
[SourceVersion "1"]
[SourceVersionDate "2010.11.26"]
[SourceQuality "1"]

1. e4 d6 2. d4 Nf6 3. Nc3 g6 4. Bc4 Bg7 5. Qe2 e5 6. dxe5 dxe5 7. Nf3 Nc6 8. Be3 Nd7 9. 0-0-0 0-0 10. h4 Qe7 11. Nd5 Qd8 12. Bg5 f6 13. Nxf6+ 1-0

[Event "Winnipeg Grand Prix Finals ABCD"]
[Site "Winnipeg"]
[Date "2007.11.20"]
[Round "3"]
[White "Gibson, Fred"]
[Black "Magnusson, Saul"]
[Result "0-1"]
[WhiteElo "1352"]
[BlackElo "1420"]
[PlyCount "78"]
[EventDate "2007.11.06"]
[EventType "swiss"]
[EventRounds "6"]
[EventCountry "CAN"]
[SourceTitle "EXT 2022"]
[Source "ChessBase"]
[SourceDate "2021.10.06"]
[SourceVersion "1"]
[SourceVersionDate "2021.10.06"]
[SourceQuality "1"]

1. e4 d5 2. exd5 Qxd5 3. Nc3 Qd6 4. Nb5 Qc6 5. Qf3 Qxc2 6. Bd3 Qc5 7. Ne2 Nf6 8. h3 Nc6 9. Nxc7+ Kd8 10. Nxa8 e5 11. 0-0 Bd6 12. Nc3 Re8 13. Be4 Nd4 14. Qd3 Nh5 15. Kh1 f5 16. Bd5 Be6 17. Bxe6 Rxe6 18. b4 Qc6 19. b5 Qxg2+ 20. Kxg2 Nf4+ 21. Kg3 Rg6+ 22. Kh2 Nxd3 23. f3 e4+ 24. Kh1 Nxf3 25. Ne2 Kc8 26. Bb2 Kb8 27. Bd4 Kxa8 28. a4 Rh6 29. Kg2 Rg6+ 30. Kh1 b6 31. Be3 f4 32. Bf2 Nxd2 33. Rad1 Nxf1 34. Rxf1 f3 35. Be3 Rg2 36. Nc3 Rh2+ 37. Kg1 Rxh3 38. Nxe4 Bh2+ 39. Kh1 Bf4+ 0-1

[Event "Winnipeg Grand Prix Finals ABCD"]
[Site "Winnipeg"]
[Date "2007.11.13"]
[Round "2"]
[White "Gibbons, Lorne"]
[Black "Gibson, Fred"]
[Result "0-1"]
[WhiteElo "1307"]
[BlackElo "1352"]
[PlyCount "56"]
[EventDate "2007.11.06"]
[EventType "swiss"]
[EventRounds "6"]
[EventCountry "CAN"]
[SourceTitle "EXT 2022"]
[Source "ChessBase"]
[SourceDate "2021.10.06"]
[SourceVersion "1"]
[SourceVersionDate "2021.10.06"]
[SourceQuality "1"]

1. d4 Nf6 2. c4 g6 3. b4 Bg7 4. Bb2 0-0 5. Nd2 Nc6 6. a3 d5 7. c5 b6 8. Rc1 Bb7 9. Ngf3 bxc5 10. dxc5 d4 11. b5 Na5 12. c6 Bc8 13. Qa4 Nb7 14. cxb7 Bxb7 15. Bxd4 a6 16. Qc4 Bd5 17. Qxc7 Qxc7 18. Rxc7 Rac8 19. b6 Nd7 20. Bxg7 Kxg7 21. e4 Rxc7 22. bxc7 Bb7 23. Bc4 Rc8 24. Ng5 Ne5 25. Ke2 Rxc7 26. f3 Nxc4 27. Rc1 a5 28. Kd3 Nb2+ 0-1

[Event "Winnipeg TNT October op"]
[Site "Winnipeg"]
[Date "2007.10.16"]
[Round "3"]
[White "Gibson, Fred"]
[Black "Huynh, Peter"]
[Result "1-0"]
[WhiteElo "1345"]
[BlackElo "1585"]
[PlyCount "21"]
[EventDate "2007.10.02"]
[EventType "swiss"]
[EventRounds "5"]
[EventCountry "CAN"]
[SourceTitle "EXT 2022"]
[Source "ChessBase"]
[SourceDate "2021.10.06"]
[SourceVersion "1"]
[SourceVersionDate "2021.10.06"]
[SourceQuality "1"]

1. e4 b6 2. d4 Bb7 3. Bd3 f5 4. Nc3 Nf6 5. f3 fxe4 6. fxe4 e6 7. Bf4 Bb4 8. Nge2 Nxe4 9. 0-0 Nxc3 10. Nxc3 Nc6 11. Qh5+ 1-0

[Event "Winnipeg TNT October op"]
[Site "Winnipeg"]
[Date "2007.10.09"]
[Round "2"]
[White "Wiebe, Daniel"]
[Black "Gibson, Fred"]
[Result "1-0"]
[WhiteElo "1713"]
[BlackElo "1345"]
[PlyCount "49"]
[EventDate "2007.10.02"]
[EventType "swiss"]
[EventRounds "5"]
[EventCountry "CAN"]
[SourceTitle "EXT 2022"]
[Source "ChessBase"]
[SourceDate "2021.10.06"]
[SourceVersion "1"]
[SourceVersionDate "2021.10.06"]
[SourceQuality "1"]

1. e4 c5 2. Nf3 d6 3. d4 cxd4 4. Nxd4 Nf6 5. Nc3 g6 6. Bg5 Bg7 7. Bc4 0-0 8. Qd2 Qb6 9. 0-0-0 Nc6 10. Nxc6 Qxc6 11. Bd5 Qc5 12. Bh6 Nxe4 13. Bxe4 Be6 14. Bxg7 Kxg7 15. Qd4+ f6 16. Bd5 Bf7 17. Bxf7 Rxf7 18. Qd5 Qc7 19. Qe6 Rd8 20. Nd5 Qd7 21. Rhe1 Qxe6 22. Rxe6 Kf8 23. Rde1 Rd7 24. R1e3 Ke8 25. Nxf6+ 1-0

[Event "Winnipeg TNT September op"]
[Site "Winnipeg"]
[Date "2007.09.04"]
[Round "1"]
[White "Gibson, Fred"]
[Black "Kwiatek, Jordan"]
[Result "0-1"]
[WhiteElo "1347"]
[BlackElo "1791"]
[PlyCount "47"]
[EventDate "2007.09.04"]
[EventType "swiss"]
[EventRounds "4"]
[EventCountry "CAN"]
[SourceTitle "EXT 2022"]
[Source "ChessBase"]
[SourceDate "2021.10.06"]
[SourceVersion "1"]
[SourceVersionDate "2021.10.06"]
[SourceQuality "1"]

1. e4 c5 2. Nc3 g6 3. g3 Bg7 4. Bg2 Nc6 5. d3 e6 6. Be3 d5 7. Nge2 Nge7 8. 0-0 0-0 9. Qd2 Nd4 10. Rae1 f5 11. f4 Rb8 12. Nc1 b5 13. Nd1 a5 14. c3 Ndc6 15. h3 b4 16. b3 bxc3 17. Nxc3 Ba6 18. g4 Nd4 19. N3e2 Kh8 20. Nc3 Qd7 21. exf5 gxf5 22. Nxd5 Nxd5 23. Bxd5 fxg4 24. hxg4 0-1

[Event "Winnipeg TNT July op"]
[Site "Winnipeg"]
[Date "2007.07.24"]
[Round "4"]
[White "Lipic, Stephen"]
[Black "Gibson, Fred"]
[Result "1-0"]
[WhiteElo "1636"]
[BlackElo "1334"]
[PlyCount "23"]
[EventDate "2007.07.03"]
[EventType "swiss"]
[EventRounds "5"]
[EventCountry "CAN"]
[SourceTitle "EXT 2019"]
[Source "ChessBase"]
[SourceDate "2018.10.10"]
[SourceVersion "1"]
[SourceVersionDate "2018.10.10"]
[SourceQuality "1"]

1. f4 d5 2. e3 Nf6 3. Nf3 Bg4 4. h3 Bh5 5. g4 Nxg4 6. hxg4 Bxg4 7. Be2 Nc6 8. b3 Qd6 9. Bb2 0-0-0 10. Ng5 Qg6 11. Bxg4+ e6 12. Bh5 1-0

[Event "Winnipeg TNT March op"]
[Site "Winnipeg"]
[Date "2007.03.20"]
[Round "3"]
[White "Wasserman, Leor"]
[Black "Gibson, Fred"]
[Result "1/2-1/2"]
[WhiteElo "1560"]
[BlackElo "1260"]
[PlyCount "94"]
[EventDate "2007.03.06"]
[EventType "swiss"]
[EventRounds "4"]
[EventCountry "CAN"]
[SourceTitle "EXT 2019"]
[Source "ChessBase"]
[SourceDate "2018.10.10"]
[SourceVersion "1"]
[SourceVersionDate "2018.10.10"]
[SourceQuality "1"]

1. e4 c5 2. Nf3 d6 3. d4 cxd4 4. Nxd4 Nf6 5. Nc3 g6 6. Be2 Bg7 7. Be3 0-0 8. 0-0 Nbd7 9. Qd2 Ne5 10. Bh6 Neg4 11. Bxg7 Kxg7 12. h3 Ne5 13. Rad1 Bd7 14. Qg5 h6 15. Qg3 Nh5 16. Bxh5 Kh7 17. Be2 Rc8 18. Kh1 Rc5 19. f4 Nc4 20. Rb1 Nd2 21. Nb3 Nxf1 22. Rxf1 Rc6 23. f5 Qe8 24. Bd3 Rg8 25. fxg6+ fxg6 26. Na5 Rc5 27. Nxb7 Rg5 28. Qe3 Qa8 29. Qd4 Be8 30. Bb5 Rxb5 31. Nxb5 Qxb7 32. Na3 Qd7 33. c4 e5 34. Qd3 Qe6 35. Qe3 Qe7 36. Qd3 Rg7 37. Nc2 Bc6 38. Rd1 Qh4 39. Re1 Rf7 40. Re3 Rf2 41. Nb4 Bb7 42. Qxd6 Rf1+ 43. Kh2 Qf4+ 44. Rg3 Bxe4 45. Qe7+ Kg8 46. Qe8+ Kg7 47. Qe7+ Kg8 1/2-1/2

[Event "Winnipeg TNT February op"]
[Site "Winnipeg"]
[Date "2007.02.13"]
[Round "2"]
[White "Gibson, Fred"]
[Black "Green, Jim"]
[Result "0-1"]
[WhiteElo "1230"]
[BlackElo "1769"]
[PlyCount "106"]
[EventDate "2007.02.06"]
[EventType "swiss"]
[EventRounds "4"]
[EventCountry "CAN"]
[SourceTitle "EXT 2019"]
[Source "ChessBase"]
[SourceDate "2018.10.10"]
[SourceVersion "1"]
[SourceVersionDate "2018.10.10"]
[SourceQuality "1"]

1. e4 e5 2. Nf3 Nc6 3. Bb5 a6 4. Ba4 Nf6 5. 0-0 b5 6. Bb3 d6 7. a4 Bb7 8. d3 Be7 9. Ng5 0-0 10. Nd2 Nd4 11. Ba2 c5 12. Ndf3 h6 13. Nxd4 cxd4 14. Nf3 Qc7 15. Nh4 d5 16. f3 bxa4 17. Nf5 Rfe8 18. Bd2 Bf8 19. c3 dxc3 20. bxc3 a3 21. Qe1 Bc8 22. Ne3 dxe4 23. fxe4 Bc5 24. Qg3 Kh7 25. Kh1 Bxe3 26. Qxe3 Ng4 27. Rxf7 Re7 28. Qf3 Rxf7 29. Qxf7 Qxf7 30. Bxf7 Nf2+ 31. Kg1 Nxd3 32. Rxa3 Rb8 33. Rb3 Rxb3 34. Bxb3 Nc5 35. Ba2 Bb7 36. Be3 Nxe4 37. Bb1 g6 38. Bxe4 Bxe4 39. Bc5 Bd5 40. Kf2 Kg7 41. g3 a5 42. Ke3 Kf6 43. h3 Bg2 44. h4 Bd5 45. Ba3 Kf5 46. Kf2 h5 47. Be7 Ke4 48. Bf6 a4 49. Be7 Kd3 50. Bb4 Kc4 51. Ke3 Kb3 52. Bd6 a3 53. Bxe5 Bc4 0-1

[Event "Winnipeg TNT October op"]
[Site "Winnipeg"]
[Date "2006.10.03"]
[Round "1"]
[White "Gibson, Fred"]
[Black "Goodman, Clifford"]
[Result "0-1"]
[WhiteElo "1187"]
[BlackElo "1398"]
[PlyCount "104"]
[EventDate "2006.10.03"]
[EventType "swiss"]
[EventRounds "4"]
[EventCountry "CAN"]
[SourceTitle "EXT 2019"]
[Source "ChessBase"]
[SourceDate "2018.10.10"]
[SourceVersion "1"]
[SourceVersionDate "2018.10.10"]
[SourceQuality "1"]

1. e4 c6 2. d4 d5 3. Nd2 dxe4 4. Nxe4 Bf5 5. Ng3 Bg6 6. Nf3 e6 7. Bd2 Nd7 8. Be2 Ngf6 9. Ne5 Nxe5 10. dxe5 Nd7 11. f4 Bc5 12. Bd3 Bxd3 13. cxd3 Qb6 14. Bc3 Bf2+ 15. Kf1 0-0 16. Qe2 Bd4 17. Ne4 Bc5 18. a3 Rad8 19. b4 Be7 20. g3 c5 21. Rb1 Qa6 22. Nd6 Bxd6 23. exd6 Qxd6 24. Kg2 Rfe8 25. Rbd1 Qc6+ 26. Qe4 Qxe4+ 27. dxe4 cxb4 28. Bxb4 Nf6 29. Kf3 Rd7 30. Rxd7 Nxd7 31. Rd1 Nf6 32. h3 h5 33. Rc1 Rd8 34. Ke3 Rd7 35. Rc8+ Kh7 36. Bc3 Kg6 37. Be5 Rd1 38. Rc7 Rb1 39. a4 Rb3+ 40. Rc3 Rxc3+ 41. Bxc3 Nd7 42. Bd4 a6 43. a5 f6 44. g4 hxg4 45. hxg4 e5 46. f5+ Kf7 47. Ba7 Ke7 48. Kd3 Kd6 49. Kc4 Kc6 50. Be3 b5+ 51. axb6 Nxb6+ 52. Bxb6 Kxb6 0-1

[Event "Winnipeg TNT February op"]
[Site "Winnipeg"]
[Date "2006.02.28"]
[Round "4"]
[White "Gibbons, Lorne"]
[Black "Gibson, Fred"]
[Result "1-0"]
[WhiteElo "1279"]
[BlackElo "1183"]
[PlyCount "29"]
[EventDate "2006.02.07"]
[EventType "swiss"]
[EventRounds "4"]
[EventCountry "CAN"]
[SourceTitle "EXT 2007"]
[Source "ChessBase"]
[SourceDate "2006.11.23"]
[SourceVersion "1"]
[SourceVersionDate "2006.11.23"]
[SourceQuality "1"]

1. d4 d5 2. c4 c6 3. a4 e6 4. c5 b6 5. b4 b5 6. axb5 cxb5 7. Bf4 Nc6 8. Nc3 a6 9. Nxb5 Nxb4 10. Nc7+ Kd7 11. Nxa8 Ke8 12. Qa4+ Bd7 13. Nc7+ Ke7 14. Qxb4 Nf6 15. c6# 1-0

[Event "Winnipeg TNT February op"]
[Site "Winnipeg"]
[Date "2006.02.21"]
[Round "3"]
[White "Gibson, Fred"]
[Black "Tang, Edward"]
[Result "0-1"]
[WhiteElo "1183"]
[BlackElo "1991"]
[PlyCount "34"]
[EventDate "2006.02.07"]
[EventType "swiss"]
[EventRounds "4"]
[EventCountry "CAN"]
[SourceTitle "EXT 2007"]
[Source "ChessBase"]
[SourceDate "2006.11.23"]
[SourceVersion "1"]
[SourceVersionDate "2006.11.23"]
[SourceQuality "1"]

1. e4 e5 2. Nf3 Nf6 3. d4 Nxe4 4. Nc3 Nxc3 5. bxc3 exd4 6. cxd4 d5 7. Bd3 Be7 8. 0-0 0-0 9. Bb2 Bg4 10. c3 Nd7 11. h3 Bh5 12. Qe2 Re8 13. Bxh7+ Kxh7 14. Qd3+ Bg6 15. Qd1 Kg8 16. Re1 Bf6 17. Re3 Nb6 0-1

[Event "Winnipeg TNT June op"]
[Site "Winnipeg"]
[Date "2005.06.28"]
[Round "4"]
[White "Gibbons, Lorne"]
[Black "Gibson, Fred"]
[Result "1-0"]
[WhiteElo "1287"]
[BlackElo "1218"]
[PlyCount "65"]
[EventDate "2005.06.07"]
[EventType "swiss"]
[EventRounds "4"]
[EventCountry "CAN"]
[SourceTitle "EXT 2007"]
[Source "ChessBase"]
[SourceDate "2006.11.23"]
[SourceVersion "1"]
[SourceVersionDate "2006.11.23"]
[SourceQuality "1"]

1. d4 d5 2. c4 c6 3. Nc3 Nf6 4. Bf4 e6 5. e3 Bb4 6. c5 Ne4 7. Nge2 b6 8. a3 Bxc3+ 9. bxc3 b5 10. f3 Nf6 11. Bd6 Ng8 12. Ng3 Ne7 13. Qb3 0-0 14. a4 Qa5 15. Bd3 Re8 16. 0-0 Nd7 17. axb5 Qd8 18. Bxe7 Rxe7 19. bxc6 Nb8 20. Bb5 a6 21. Qa4 Rea7 22. Bd3 Qc7 23. Qc2 Qxc6 24. Bxh7+ Kf8 25. Bd3 Rb7 26. Ra5 Nd7 27. Rfa1 Rbb8 28. Ne2 Nf6 29. Nc1 g6 30. Qe2 Ra7 31. Na2 Rb3 32. Nb4 Bb7 33. Nxc6 1-0

[Event "Winnipeg TNT June op"]
[Site "Winnipeg"]
[Date "2005.06.07"]
[Round "1"]
[White "Evans, Rick"]
[Black "Gibson, Fred"]
[Result "1-0"]
[WhiteElo "1867"]
[BlackElo "1218"]
[PlyCount "45"]
[EventDate "2005.06.07"]
[EventType "swiss"]
[EventRounds "4"]
[EventCountry "CAN"]
[SourceTitle "EXT 2007"]
[Source "ChessBase"]
[SourceDate "2006.11.23"]
[SourceVersion "1"]
[SourceVersionDate "2006.11.23"]
[SourceQuality "1"]

1. d4 d5 2. c4 c6 3. Nf3 Nf6 4. Nc3 g6 5. Bf4 Bg7 6. e3 Bf5 7. Qb3 Qb6 8. cxd5 cxd5 9. Bb5+ Bd7 10. Rc1 0-0 11. 0-0 e6 12. Ne5 Nc6 13. Na4 Na5 14. Nxd7 Nxd7 15. Nxb6 Nxb3 16. Nxa8 Nxc1 17. Rxc1 Rxa8 18. Bxd7 Rd8 19. Rc8 Rxc8 20. Bxc8 h6 21. Bxb7 Kf8 22. Bb8 a5 23. Bc7 1-0